| 000 | 00000nas 2200000za 4500 |
| 001 | 9.810685 |
| 003 | CaOODSP |
| 005 | 20221107140921 |
| 007 | cr ||||||||||| |
| 008 | 160205d19501970oncar p oss f000#a0eng|d |
| 022 | |y0575-9374 |
| 040 | |aCaOODSP|beng |
| 041 | |aeng|afre |
| 043 | |an-cn--- |
| 086 | 1 |aCS81-201-PDF |
| 245 | 00|aPreliminary statistics of education |h[electronic resource]. |
| 246 | 13|aStatistique provisoire de l'enseignement|f1959/60-1969/70 |
| 260 | |aOttawa : |bDominion Bureau of Statistics, |c1951-1971. |
| 310 | |aAnnual |
| 362 | 0 |a1949/50-1969/70. |
| 500 | |aDigitized edition from print [produced by Statistics Canada]. |
| 500 | |aIssues for 1951/1952-1952/53/1953/54 issued in the series: Memorandum. |
| 515 | |aIssues for 1954/55-1958/59 not published. |
| 546 | |aText in English only, 1949/50-1952/53/1953/54; text in English and French, 1959/60-1969/70. |
| 692 | 07|2gccst|aEducation |
| 710 | 1 |aCanada.|bDominion Bureau of Statistics.|bEducation Division. |
| 780 | 00|tPreliminary summary of education in Canada |w(CaOODSP)9.810671 |
| 785 | 00|tSurvey of education finance |w(CaOODSP)9.812448 |
| 792 | |tPreliminary statistics of education |efre|w(CaOODSP)9.810688 |